[Event "Ruhrgebiet Bezirksliga 16/17"]
[Site "Ruhrgebiet"]
[Date "2016.11.13"]
[Round "4.5"]
[White "Potratz, Manfred"]
[Black "Ittner, Ralf"]
[Result "1/2-1/2"]
[WhiteElo "1700"]
[BlackElo "1663"]
[PlyCount "176"]
[EventDate "2016.08.28"]
[EventType "team-tourn"]
[EventRounds "11"]
[EventCountry "GER"]
[SourceTitle "EXT 2022"]
[Source "ChessBase"]
[SourceDate "2021.10.06"]
[SourceVersion "1"]
[SourceVersionDate "2021.10.06"]
[SourceQuality "1"]
[WhiteTeam "Wickede SK"]
[BlackTeam "Hamm Koenigsspringer II"]
[WhiteTeamCountry "GER"]
[BlackTeamCountry "GER"]

1. e4 c5 2. d4 cxd4 3. c3 dxc3 4. Nxc3 e6 5. Bc4 Nc6 6. Nf3 h6 7. 0-0 Bc5 8. e5 a6 9. Ne4 Be7 10. Qe2 Nxe5 11. Nxe5 d5 12. Qh5 g6 13. Nxg6 fxg6 14. Qxg6+ Kf8 15. Rd1 Qe8 16. Qg3 dxc4 17. Bf4 Qh5 18. Bd6 Rh7 19. Bxe7+ Rxe7 20. Qxg8+ Kxg8 21. Nf6+ Kf7 22. Nxh5 Bd7 23. Rd6 Rg8 24. f3 Bc6 25. Kf2 Rd7 26. Rxd7+ Bxd7 27. Rc1 Rc8 28. Ng3 Kf6 29. Ne4+ Kf5 30. Ke3 e5 31. Nc3 Ke6 32. Rd1 Rg8 33. Rd2 Bc6 34. Kf2 Rf8 35. Re2 Rf7 36. Ke1 Kf5 37. Ne4 Ke6 38. Kd2 a5 39. Kc3 b5 40. a3 Rg7 41. Ng3 Rf7 42. Rd2 Rf4 43. Ne2 Rf7 44. b3 cxb3 45. Kxb3 Rd7 46. Rxd7 Kxd7 47. Ng3 Ke6 48. Kc3 Be8 49. Ne4 Bc6 50. Nc5+ Kd6 51. Nb3 a4 52. Nd2 Ke6 53. Kb4 Kf5 54. Kc5 Be8 55. Ne4 Kf4 56. Nf6 Bg6 57. Kxb5 Bc2 58. Kc5 Kf5 59. Ng4 Kf4 60. Nxh6 e4 61. fxe4 Bxe4 62. g3+ Kf3 63. Kb4 Bc2 64. Kc3 Bg6 65. g4 Kf4 66. h4 Kg3 67. h5 Be8 68. g5 Bxh5 69. Kb4 Kf4 70. Kxa4 Kxg5 71. Ng8 Bd1+ 72. Kb4 Kf5 73. Ne7+ Ke6 74. Nc6 Kd5 75. Na7 Kd6 76. Nb5+ Kc6 77. Nc3 Bc2 78. Ne2 Bd1 79. Nc1 Kb6 80. Na2 Bc2 81. Kc3 Ba4 82. Nb4 Be8 83. Nd5+ Ka5 84. Kb2 Bf7 85. Nb4 Kb5 86. Nc2 Ka5 87. Nd4 Ka4 88. Nc6 Kb5 1/2-1/2

[Event "Ruhrgebiet Bezirksliga 16/17"]
[Site "Ruhrgebiet"]
[Date "2016.08.28"]
[Round "1.4"]
[White "Ittner, Ralf"]
[Black "Leifeld, Jochen"]
[Result "0-1"]
[WhiteElo "1663"]
[BlackElo "1798"]
[PlyCount "40"]
[EventDate "2016.08.28"]
[EventType "team-tourn"]
[EventRounds "11"]
[EventCountry "GER"]
[SourceTitle "EXT 2022"]
[Source "ChessBase"]
[SourceDate "2021.10.06"]
[SourceVersion "1"]
[SourceVersionDate "2021.10.06"]
[SourceQuality "1"]
[WhiteTeam "Hamm Koenigsspringer II"]
[BlackTeam "Ahlen SV II"]
[WhiteTeamCountry "GER"]
[BlackTeamCountry "GER"]

1. d4 d5 2. Nf3 Nf6 3. c4 c6 4. e3 e6 5. Nc3 Nbd7 6. Bd3 dxc4 7. Bxc4 b5 8. Bd3 a6 9. 0-0 Bb7 10. Bd2 c5 11. dxc5 Nxc5 12. Be2 Bd6 13. Nd4 0-0 14. b4 Nce4 15. Nxe4 Nxe4 16. a3 Be5 17. Rc1 Bxd4 18. exd4 Qxd4 19. Rc2 Rac8 20. Rxc8 Rxc8 0-1

[Event "Ruhrgebiet Bezirksliga 15/16"]
[Site "Ruhrgebiet"]
[Date "2016.01.31"]
[Round "7.3"]
[White "Mustafic, Mustafa"]
[Black "Ittner, Ralf"]
[Result "1-0"]
[WhiteElo "1804"]
[BlackElo "1681"]
[PlyCount "61"]
[EventDate "2015.08.30"]
[EventType "team-tourn"]
[EventRounds "9"]
[EventCountry "GER"]
[SourceTitle "EXT 2022"]
[Source "ChessBase"]
[SourceDate "2021.10.06"]
[SourceVersion "1"]
[SourceVersionDate "2021.10.06"]
[SourceQuality "1"]
[WhiteTeam "Hamm SVg II"]
[BlackTeam "Hamm Koenigsspringer II"]
[WhiteTeamCountry "GER"]
[BlackTeamCountry "GER"]

1. Nf3 d5 2. g3 Nf6 3. Bg2 g6 4. c4 c6 5. d4 Bg7 6. Nc3 0-0 7. 0-0 Re8 8. Bf4 Nbd7 9. c5 Nf8 10. b4 Ne6 11. Be5 Nd7 12. Bxg7 Nxg7 13. a4 Qc7 14. b5 e5 15. e4 dxe4 16. Nxe4 cxb5 17. axb5 exd4 18. Nxd4 Qe5 19. f4 Qe7 20. Rc1 Rd8 21. c6 Nb6 22. Re1 Ne6 23. Ng5 Qb4 24. cxb7 Bxb7 25. Ngxe6 fxe6 26. Bxb7 Rab8 27. Bg2 Rxd4 28. Qg4 Rbd8 29. Qxe6+ Kf8 30. Qf6+ Kg8 31. Bh3 1-0

[Event "Ruhrgebiet Bezirksliga 15/16"]
[Site "Ruhrgebiet"]
[Date "2015.09.20"]
[Round "2.4"]
[White "Hoffmann, Eckhard"]
[Black "Ittner, Ralf"]
[Result "1/2-1/2"]
[WhiteElo "1504"]
[BlackElo "1681"]
[PlyCount "44"]
[EventDate "2015.08.30"]
[EventType "team-tourn"]
[EventRounds "9"]
[EventCountry "GER"]
[SourceTitle "EXT 2022"]
[Source "ChessBase"]
[SourceDate "2021.10.06"]
[SourceVersion "1"]
[SourceVersionDate "2021.10.06"]
[SourceQuality "1"]
[WhiteTeam "Unna SV II"]
[BlackTeam "Hamm Koenigsspringer II"]
[WhiteTeamCountry "GER"]
[BlackTeamCountry "GER"]

1. d4 d5 2. c4 c6 3. Nf3 Nf6 4. Nc3 h6 5. cxd5 cxd5 6. e3 Nc6 7. Bb5 Bd7 8. 0-0 e6 9. a3 Bd6 10. Bxc6 Bxc6 11. Ne5 Rc8 12. Bd2 0-0 13. b4 Bxe5 14. dxe5 Nd7 15. b5 Nxe5 16. bxc6 bxc6 17. Qe2 Rb8 18. Rfb1 Qc7 19. Na4 c5 20. Rb5 c4 21. Rc5 Qd7 22. Ra5 Nd3 1/2-1/2

[Event "Ruhrgebiet VL1 0405"]
[Site "Ruhrgebiet"]
[Date "2004.10.10"]
[Round "2.8"]
[White "Distelrath, Oliver"]
[Black "Ittner, Ralf"]
[Result "1/2-1/2"]
[WhiteElo "1860"]
[BlackElo "1721"]
[PlyCount "142"]
[EventDate "2004.09.12"]
[EventType "team-tourn"]
[EventRounds "9"]
[EventCountry "GER"]
[SourceTitle "EXT 2006"]
[Source "ChessBase"]
[SourceDate "2005.11.24"]
[SourceVersion "1"]
[SourceVersionDate "2005.11.24"]
[SourceQuality "1"]
[WhiteTeam "Laeufer Wanne Eickel"]
[BlackTeam "Hamm 45/58"]
[WhiteTeamCountry "GER"]
[BlackTeamCountry "GER"]

1. d4 d5 2. c4 c6 3. Nc3 Nf6 4. Nf3 Nbd7 5. cxd5 cxd5 6. e3 a6 7. Bd3 g6 8. 0-0 Bg7 9. Qb3 e6 10. Qa3 Qe7 11. Qxe7+ Kxe7 12. b3 Rd8 13. Ba3+ Ke8 14. Bd6 Nb8 15. Bc7 Rd7 16. Bb6 Nc6 17. Na4 Bf8 18. a3 Bd6 19. Rfc1 Re7 20. Rc2 Nd7 21. b4 Nxb6 22. Nxb6 Rb8 23. Bxa6 Rc7 24. Bb5 Bd7 25. Rac1 f6 26. Ne1 Kd8 27. Nxd7 Kxd7 28. Nd3 Rbc8 29. Kf1 Ke7 30. Nc5 Bxc5 31. bxc5 Ra8 32. Rc3 Ra5 33. Rb1 Na7 34. Bd3 Kd7 35. Rcb3 Kc8 36. h4 f5 37. Ke2 Nc6 38. f3 Na7 39. e4 Nc6 40. Ke3 Ra4 41. h5 Nxd4 42. Rb4 Rxb4 43. axb4 Nc6 44. exd5 exd5 45. hxg6 hxg6 46. Kf4 Re7 47. b5 Ne5 48. Bf1 Nf7 49. Rd1 Re5 50. Bd3 g5+ 51. Kg3 Nh6 52. Rh1 f4+ 53. Kf2 Nf5 54. b6 Nd4 55. Rh8+ Kd7 56. Rb8 Re3 57. Rxb7+ Kd8 58. Rb8+ Kd7 59. Ba6 Ra3 60. Bc8+ Kc6 61. b7 Kc7 62. Ra8 Rb3 63. Ra1 Nc6 64. g3 Ne7 65. gxf4 gxf4 66. Ra4 Rb2+ 67. Ke1 Nxc8 68. bxc8Q+ Kxc8 69. Rxf4 Rc2 70. Rd4 Rxc5 71. Kf2 Kd7 1/2-1/2